Serien Allgemeinwissen Quiz #3 - Statistiken

Allgemein
  • Dieses Quiz wurde 182 mal gespielt
  • Das Durchschnittsergebnis liegt bei 10 aus 20
Antwortstatistiken
Frage Antwort % Korrekt
Die drei Großneffen von Onkel Dagobert in der Serie "DuckTales" heißen Tick, Trick und... Track
100%
Was ist Benjamin Blümchen für ein Tier? Elefant
93%
Welche Zeichentrickfigur wohnt in einer Ananas ganz tief im Meer? SpongeBob Schwammkopf
91%
Welche Serie spielt in der fiktiven Stadt Springfield? Die Simpsons
86%
Wie heißt die Kindersendung, in der ein kleiner blauer Elefant und eine orangene Maus "Lach- und Sachgeschichten" präsentieren? Die Sendung mit der Maus
81%
In welcher Stadt spielt die Daily-Soap "Gute Zeiten, schlechte Zeiten"? Berlin
74%
Was bricht in der Serie "The Walking Dead" weltweit aus? Zombie-Apokalypse
72%
Aus welcher Sitcom kennt man die Charaktere mit den Vornamen Robin, Lily, Ted, Marshall und Barney? How I Met Your Mother
69%
In welcher Anime-Serie, die auf einer Reihe von digitalen Rollenspielen basiert, heißt der Hauptprotagonist Ash Ketchum? Pokémon
62%
Wie heißt der Assistent von Sherlock Holmes? Dr. Watson
45%
Welcher Charakter aus der Sesamstraße ist für seine Begeisterung für Zahlen bekannt? Graf Zahl
42%
Welche Serie spielt in New York und handelt von einem übergewichtigen Kurierfahrer und einer Rechtsanwaltsgehilfin, deren Vater im Souterrain des Ehepaars lebt? King of Queens
42%
Welcher osteuropäische Präsident war Hauptdarsteller der Serie "Diener des Volkes", in der ein Geschichtslehrer zum Präsidenten gewählt wird? Wolodymyr Selenskyj
33%
In welche Stadt wird Heidi aus der gleichnamigen Animationsserie von ihrer Tante gebracht? Frankfurt
26%
Welcher fiktive Charakter wurde bereits von Schauspielern wie William Hartnell, David Tennant und Matt Smith verkörpert? Der Doktor
25%
Wie hieß die RTL-Serie über das Liebesleben der jungen Ärztin Gretchen Haase, gespielt von Diana Amft? Doctor’s Diary
25%
Wie heißt der ungewöhnliche Mitbewohner, der der Addams Family unter anderem die Post bringt? Eiskaltes Händchen
17%
Wer spielt in der Serie "Das Traumschiff" den schwäbischen Kreuzfahrtdirektor Oskar Schifferle? Harald Schmidt
15%
Welcher bekannte Bär lebt im Jellystone Nationalpark und versucht regelmäßig, die Picknick-Körbe der dortigen Besucher zu stehlen? Yogi Bär
9%
In welcher amerikanischen Serie wird FBI-Agent Dale Cooper damit beauftragt, den Mord an der jungen Laura Palmer aufzuklären? Twin Peaks
8%
Keine übereinstimmenden Quizze gefunden
Verteilung der Resultate
Anzahl Personen mit jedem Resultat
Perzentil nach korrekt beantworteten Fragen
Ihre Resultats-Entwicklung
Sie haben dieses Quiz noch nicht gespielt